[Event "Det åpne NM 2011 Gruppe A"]
[Site "Quality Hotel & Resort Fagerne"]
[Date "2011.04.17"]
[Round "6"]
[White "Mikalsen, Odd Erling"]
[Black "Wibe, Per H"]
[Result "1-0"]
[WhiteElo "1989"]
[BlackElo "1824"]
[PlyCount "71"]
[EventDate "2011.??.??"]

1. e4 c5 2. Nc3 d6 3. f4 Nc6 4. Bb5 a6 5. Bxc6+ bxc6 6. Nf3 Nf6 7. d3 g6 8. O-O
Qb6 9. Na4 Qc7 10. Qe1 Bg7 11. Bd2 O-O 12. Qh4 Qd7 13. Nb6 Qa7 14. Nxa8 c4+ 15.
Kh1 cxd3 16. cxd3 Qxa8 17. f5 Qb7 18. Bc3 gxf5 19. e5 Nd5 20. exd6 exd6 21.
Bxg7 Kxg7 22. Qg3+ Kh8 23. Qxd6 Rg8 24. Rf2 Qb6 25. d4 Be6 26. Qe5+ Rg7 27. Re1
c5 28. dxc5 Qxc5 29. Rd2 h6 30. Nd4 f4 31. Nf5 Bxf5 32. Rxd5 Qf2 33. Rd8+ Kh7
34. Qxf5+ Rg6 35. Qxf7+ Rg7 36. Qf5+ 1-0

[Event "Det åpne NM 2011 Gruppe A"]
[Site "Quality Hotel & Resort Fagerne"]
[Date "2011.04.17"]
[Round "6"]
[White "Henrichsen, Erland"]
[Black "Mikalsen, Erlend"]
[Result "0-1"]
[WhiteElo "2038"]
[BlackElo "1981"]
[PlyCount "66"]
[EventDate "2011.??.??"]

1. d4 f5 2. Bg5 h6 3. Bh4 g5 4. e3 Nf6 5. Bg3 Bg7 6. Nc3 O-O 7. Bd3 d6 8. h4 g4
9. Nge2 Nh5 10. Nf4 Nxf4 11. Bxf4 e5 12. dxe5 dxe5 13. Bc4+ Kh7 14. Qxd8 Rxd8
15. Bg3 c6 16. Rd1 Rxd1+ 17. Kxd1 a5 18. Kc1 b5 19. Bf7 Ra7 20. Bh5 Re7 21. f3
Nd7 22. Rd1 Nf6 23. Rd8 Nxh5 24. Rxc8 Nxg3 25. Rxc6 Rd7 26. a3 b4 27. axb4 axb4
28. Nb5 Ne2+ 29. Kb1 Rd1+ 30. Ka2 Nc1+ 31. Kb1 b3 32. Nc3 Rg1 33. cxb3 Nd3+ 0-1

[Event "Det åpne NM 2011 Gruppe A"]
[Site "Quality Hotel & Resort Fagerne"]
[Date "2011.04.17"]
[Round "7"]
[White "Tiviakov, Sergei"]
[Black "Karlsson, Lars"]
[Result "1-0"]
[WhiteElo "2624"]
[BlackElo "2475"]
[PlyCount "74"]
[EventDate "2011.??.??"]

1. e4 g6 2. d4 d6 3. c3 Bg7 4. Nf3 Nc6 5. Bb5 a6 6. Ba4 b5 7. Bb3 Nf6 8. a4 Bb7
9. Qe2 e6 10. Bg5 Qb8 11. Nbd2 O-O 12. O-O Na7 13. Qe3 Re8 14. Qf4 Nh5 15. Qh4
h6 16. Be3 Qd8 17. Qh3 e5 18. dxe5 dxe5 19. Qg4 Qf6 20. Ne1 Nf4 21. Qf3 Nc8 22.
g3 Nh3+ 23. Kg2 Ng5 24. Qxf6 Bxf6 25. f3 Rd8 26. h4 Ne6 27. Bxe6 fxe6 28. Nb3
Nd6 29. Bxh6 Nc4 30. Nc5 Bc6 31. b3 Nd2 32. Rf2 Be7 33. Rxd2 Rxd2+ 34. Bxd2
Bxc5 35. axb5 axb5 36. Rxa8+ Bxa8 37. Nd3 Bd6 1-0

[Event "Det åpne NM 2011 Gruppe A"]
[Site "Quality Hotel & Resort Fagerne"]
[Date "2011.04.17"]
[Round "7"]
[White "Johannessen, Leif E"]
[Black "Jones, Gawain C B"]
[Result "1/2-1/2"]
[WhiteElo "2514"]
[BlackElo "2578"]
[PlyCount "56"]
[EventDate "2011.??.??"]

1. d4 Nf6 2. c4 g6 3. Nc3 Bg7 4. e4 d6 5. f4 c5 6. dxc5 Qa5 7. Bd3 Ng4 8. Bd2
Qxc5 9. Qe2 Nc6 10. Nf3 Nb4 11. Bb1 Be6 12. Ng5 Qxc4 13. Nxe6 Qxe6 14. Qb5+ Nc6
15. Qxb7 Qc8 16. Qxc8+ Rxc8 17. h3 Nf6 18. Bd3 Nd7 19. Rc1 O-O 20. Ba6 Rb8 21.
Nd5 e6 22. Rxc6 exd5 23. b3 Rfe8 24. Rxd6 Rxe4+ 25. Kd1 Nc5 26. Rc6 Re6 27.
Rxc5 Rxa6 28. Ra5 Rxa5 1/2-1/2

[Event "Det åpne NM 2011 Gruppe A"]
[Site "Quality Hotel & Resort Fagerne"]
[Date "2011.04.17"]
[Round "7"]
[White "Richter, Michael"]
[Black "Mirzoev, Azer"]
[Result "1/2-1/2"]
[WhiteElo "2486"]
[BlackElo "2571"]
[PlyCount "306"]
[EventDate "2011.??.??"]

1. d4 d5 2. c4 e6 3. Nc3 Be7 4. cxd5 exd5 5. Bf4 c6 6. e3 Qb6 7. Qd2 Bf5 8. f3
Nf6 9. g4 Bg6 10. h4 h6 11. Nge2 Nbd7 12. Ng3 Nf8 13. Be5 N8d7 14. Bf4 Nf8 15.
h5 Bh7 16. Nf5 Bxf5 17. gxf5 N8h7 18. O-O-O O-O-O 19. Na4 Qb4 20. Qxb4 Bxb4 21.
Nc5 Rhe8 22. Nd3 Bd6 23. Ne5 Re7 24. Bd3 c5 25. Rdg1 cxd4 26. exd4 Ne8 27. Kb1
Kb8 28. Bb5 Nhf6 29. Re1 Ka8 30. Ba4 a6 31. Bg3 Bb8 32. Bh4 Nd6 33. Bc2 Nb5 34.
Bxf6 gxf6 35. Ng4 Rxe1+ 36. Rxe1 Nxd4 37. Nxf6 Bf4 38. Rd1 Nxf3 39. Rxd5 Nd2+
40. Kc1 Nc4+ 41. Kb1 Rc8 42. Nd7 Rg8 43. b3 Rg1+ 44. Rd1 Nd2+ 45. Kb2 Rg2 46.
Re1 Bg5 47. a4 Ka7 48. Re8 a5 49. Re5 Bd8 50. Kc3 Nf3 51. Re8 Bc7 52. Re7 Bd6
53. Re4 Bb4+ 54. Kb2 Ne1 55. Rc4 Rf2 56. f6 Bd6 57. Kb1 Nxc2 58. Rxc2 Rf1+ 59.
Ka2 Rf5 60. Rg2 Bb4 61. Rg7 Bc3 62. Rxf7 Rf1 63. b4 Bxb4 64. Kb3 Rf5 65. Rh7
Rxh5 66. f7 Rf5 67. f8=Q Bxf8 68. Nxf8 Rxf8 69. Rxh6 Rf3+ 70. Kb2 Rd3 71. Rg6
Rd7 72. Rh6 b6 73. Kb3 Kb7 74. Rg6 Rd3+ 75. Kb2 Kc7 76. Rh6 Rd6 77. Rh3 Kc6 78.
Kb3 Rd5 79. Rg3 Re5 80. Rh3 Kc5 81. Rg3 Kd4 82. Rg6 Re3+ 83. Kb2 Kc5 84. Rg5+
Kc4 85. Rg4+ Kd5 86. Rg6 Re6 87. Rg4 Re4 88. Rg6 Kc5 89. Kb3 Re3+ 90. Kb2 Rd3
91. Rg5+ Kc4 92. Rg6 Rb3+ 93. Ka2 Rb4 94. Ka3 Kc5 95. Rg5+ Kc6 96. Rg6+ Kb7 97.
Rg7+ Ka6 98. Rg5 Rd4 99. Rg3 Kb7 100. Rh3 Kc6 101. Rg3 Kc5 102. Rh3 Kc4 103.
Rh6 Kc5 104. Rh5+ Rd5 105. Rh3 Rd1 106. Kb3 Rb1+ 107. Ka3 Rb4 108. Rh5+ Kc6
109. Rh6+ Kb7 110. Rh7+ Ka6 111. Rh6 Rd4 112. Rh3 Kb7 113. Rg3 Kc6 114. Rh3 Kc5
115. Kb3 Rd5 116. Rg3 Rf5 117. Rh3 Re5 118. Rg3 Re4 119. Rh3 Kd4 120. Rh6 Kc5
121. Rh5+ Kd6 122. Rh6+ Kc5 123. Rh5+ Kc6 124. Rh6+ Kc7 125. Rh7+ Kd6 126. Rh6+
Re6 127. Rh3 Kd5 128. Rh5+ Kd4 129. Rh4+ Kd3 130. Rh5 Kd4 131. Rh4+ Kd5 132.
Rh5+ Re5 133. Rh6 Kc5 134. Rh3 Rd5 135. Rg3 Rf5 136. Rh3 Re5 137. Rg3 Kd5 138.
Rh3 Kd4 139. Rh6 Re3+ 140. Kb2 Kc5 141. Rh5+ Kc4 142. Rh4+ Kd5 143. Rh5+ Re5
144. Rh6 Re6 145. Rh5+ Kc4 146. Rh4+ Kc5 147. Kb3 Re3+ 148. Kb2 Re5 149. Rh6
Rd5 150. Kb3 Rd1 151. Kc2 Rd4 152. Kb3 Rb4+ 153. Ka3 Rd4 1/2-1/2

[Event "Det åpne NM 2011 Gruppe A"]
[Site "Quality Hotel & Resort Fagerne"]
[Date "2011.04.17"]
[Round "7"]
[White "Miezis, Normunds"]
[Black "Welling, Gerard"]
[Result "1-0"]
[WhiteElo "2555"]
[BlackElo "2321"]
[PlyCount "83"]
[EventDate "2011.??.??"]

1. c4 g6 2. Nc3 Bg7 3. g3 c5 4. Bg2 Nc6 5. a3 d6 6. Rb1 a5 7. d3 Nf6 8. e4 O-O
9. Nge2 Ne8 10. O-O Nc7 11. Nd5 Nxd5 12. exd5 Ne5 13. f4 Nd7 14. g4 b5 15. cxb5
a4 16. Nc3 Nb6 17. f5 Bd7 18. Be4 Rb8 19. Qf3 c4 20. g5 gxf5 21. Bxf5 Bxf5 22.
Qxf5 Qc8 23. Qe4 cxd3 24. Rf4 f5 25. Qxd3 Bxc3 26. bxc3 Qc5+ 27. Be3 Qxd5 28.
Rd4 Qe6 29. Rh4 Nd7 30. Rh6 Qf7 31. Bd4 Ne5 32. Bxe5 dxe5 33. Rc6 Rfd8 34. Qc4
Qxc4 35. Rxc4 e4 36. Rc5 e6 37. c4 Rd6 38. Rc7 e3 39. c5 Rd2 40. b6 f4 41. b7
Rdd8 42. Re1 1-0

[Event "Det åpne NM 2011 Gruppe A"]
[Site "Quality Hotel & Resort Fagerne"]
[Date "2011.04.17"]
[Round "7"]
[White "Gullaksen, Eirik"]
[Black "Urkedal, Frode O"]
[Result "1/2-1/2"]
[WhiteElo "2351"]
[BlackElo "2447"]
[PlyCount "55"]
[EventDate "2011.??.??"]

1. e4 e5 2. Nf3 Nc6 3. Bb5 a6 4. Ba4 Nf6 5. Qe2 b5 6. Bb3 Bc5 7. c3 O-O 8. d3
d5 9. Bg5 dxe4 10. dxe4 h6 11. Bh4 Qd6 12. Nbd2 Nh5 13. Bg3 Rb8 14. Nh4 Nxg3
15. hxg3 Ne7 16. O-O-O Qf6 17. f4 a5 18. Nhf3 a4 19. Bc2 b4 20. cxb4 Rxb4 21.
a3 Rb8 22. Nxe5 Ba6 23. Bd3 Qb6 24. Ndc4 Qb3 25. Qc2 Qa2 26. Qb1 Qb3 27. Qc2
Qa2 28. Qb1 1/2-1/2

[Event "Det åpne NM 2011 Gruppe A"]
[Site "Quality Hotel & Resort Fagerne"]
[Date "2011.04.17"]
[Round "7"]
[White "Westerinen, Heikki M.J"]
[Black "Thingstad, Even"]
[Result "0-1"]
[WhiteElo "2358"]
[BlackElo "2155"]
[PlyCount "82"]
[EventDate "2011.??.??"]

1. e4 c6 2. d4 d5 3. e5 Bf5 4. Nf3 e6 5. Be2 c5 6. Be3 cxd4 7. Nxd4 Ne7 8. O-O
Nbc6 9. f4 Nxd4 10. Bxd4 Nc6 11. Bf2 g5 12. Nd2 gxf4 13. Nf3 Bg7 14. Bc5 Be4
15. Bb5 Qc7 16. Bd6 Qb6+ 17. Nd4 O-O-O 18. Bxc6 Rxd6 19. Ba4 Bxe5 20. c3 Rg8
21. Rf2 Rdd8 22. Nf3 Bd6 23. b4 Rg7 24. Qd4 Qxd4 25. cxd4 Rdg8 26. a3 Bxf3 27.
Rxf3 Rxg2+ 28. Kh1 Rd2 29. Rd1 Rgg2 30. Rh3 Rxd1+ 31. Kxg2 Rd2+ 32. Kf1 Kd8 33.
Rxh7 Ke7 34. h4 f3 35. h5 Rh2 36. Bb5 a6 37. Bd3 Kf8 38. h6 Bg3 39. Kg1 Rg2+
40. Kh1 Rd2 41. Bf1 Rh2+ 0-1

[Event "Det åpne NM 2011 Gruppe A"]
[Site "Quality Hotel & Resort Fagerne"]
[Date "2011.04.17"]
[Round "7"]
[White "Getz, Nicolai"]
[Black "Kasparova, Tatiana"]
[Result "1/2-1/2"]
[WhiteElo "2333"]
[BlackElo "2152"]
[PlyCount "59"]
[EventDate "2011.??.??"]

1. e4 c6 2. d4 d5 3. e5 Bf5 4. Nf3 e6 5. Be2 Bb4+ 6. Bd2 Bxd2+ 7. Nbxd2 Nd7 8.
O-O Ne7 9. Nh4 h6 10. Nxf5 Nxf5 11. Nb3 a5 12. a4 g6 13. Bd3 b6 14. c4 dxc4 15.
Bxc4 O-O 16. Rc1 Rc8 17. Re1 Qg5 18. g3 Rfd8 19. f4 Qe7 20. Bd3 Nb8 21. Rc4 Na6
22. Qc1 Nb4 23. Be4 Qd7 24. Qd2 c5 25. Bxf5 gxf5 26. Qe3 cxd4 27. Rxd4 Qxa4 28.
Rxd8+ Rxd8 29. Qxb6 Rd5 30. Nc5 1/2-1/2

[Event "Det åpne NM 2011 Gruppe A"]
[Site "Quality Hotel & Resort Fagerne"]
[Date "2011.04.17"]
[Round "7"]
[White "Stenersen, Gudmund"]
[Black "Bentsen, Håkon"]
[Result "0-1"]
[WhiteElo "2228"]
[BlackElo "2149"]
[PlyCount "92"]
[EventDate "2011.??.??"]

1. e4 e5 2. Nf3 Nc6 3. Bb5 a6 4. Ba4 Nf6 5. d3 d6 6. c3 Be7 7. Be3 O-O 8. Nbd2
Bg4 9. h3 Bh5 10. g4 Bg6 11. Nh4 b5 12. Bb3 Na5 13. Nf5 c5 14. Qf3 Nxb3 15.
axb3 d5 16. Nxe7+ Qxe7 17. Bg5 c4 18. Bxf6 Qxf6 19. Qxf6 gxf6 20. bxc4 bxc4 21.
dxc4 dxe4 22. Ra5 h5 23. Ke2 h4 24. Rha1 Rab8 25. b4 Rbd8 26. Nf1 Rd3 27. Ne3
f5 28. gxf5 Bh5+ 29. Ke1 Kh7 30. Rxe5 Rg8 31. Kf1 Bf3 32. Rc1 Rxe3 33. fxe3 Rg3
34. Ra1 Rxh3 35. Rxa6 Rh1+ 36. Kf2 Rh2+ 37. Ke1 h3 38. Re7 Re2+ 39. Kf1 h2 40.
Rxf7+ Kg8 41. Rh6 Kxf7 42. c5 Rc2 43. b5 Be2+ 44. Ke1 Bxb5 45. Kd1 Ra2 46. c4
Bc6 0-1

[Event "Det åpne NM 2011 Gruppe A"]
[Site "Quality Hotel & Resort Fagerne"]
[Date "2011.04.17"]
[Round "7"]
[White "Vaarala, Eric"]
[Black "Rødvik, Trym Daniel"]
[Result "1-0"]
[WhiteElo "2167"]
[BlackElo "1782"]
[PlyCount "97"]
[EventDate "2011.??.??"]

1. Nf3 Nf6 2. c4 g6 3. b4 Bg7 4. Bb2 O-O 5. e3 d5 6. c5 Bf5 7. d4 Nc6 8. a3 a6
9. Bd3 Bxd3 10. Qxd3 Ne4 11. Nbd2 f5 12. h4 e6 13. Ne5 Nxe5 14. dxe5 f4 15.
Nxe4 dxe4 16. Qxe4 Qd5 17. Qxd5 exd5 18. O-O-O fxe3 19. fxe3 c6 20. e4 dxe4 21.
Rhe1 e3 22. g4 a5 23. Rxe3 axb4 24. axb4 Rf4 25. Rd4 Rxd4 26. Bxd4 Kf8 27. Bb2
Ke7 28. Kc2 Rd8 29. Ra3 Ke6 30. Ra7 Rd7 31. Ra8 Re7 32. Ra1 Bxe5 33. Re1 Kd5
34. Kb3 Re6 35. Rd1+ Ke4 36. Bxe5 Kxe5 37. Rd7 h6 38. Rxb7 Kf4 39. Rb6 Re3+ 40.
Ka4 g5 41. hxg5 hxg5 42. Rxc6 Kxg4 43. Rg6 Kf5 44. Rg8 g4 45. c6 Rc3 46. Kb5 g3
47. Kb6 Ke6 48. c7 Kd7 49. Rd8+ 1-0

[Event "Det åpne NM 2011 Gruppe A"]
[Site "Quality Hotel & Resort Fagerne"]
[Date "2011.04.17"]
[Round "7"]
[White "Hansen, Victor"]
[Black "Haarr, Jon Kristian"]
[Result "0-1"]
[WhiteElo "2125"]
[BlackElo "2204"]
[PlyCount "76"]
[EventDate "2011.??.??"]

1. d4 d5 2. c4 c6 3. Nf3 Nf6 4. e3 g6 5. Bd3 Bg7 6. O-O O-O 7. b3 Nbd7 8. Bb2
Re8 9. h3 b6 10. Nbd2 Bb7 11. Ne5 Nxe5 12. dxe5 Nd7 13. f4 f6 14. f5 Nxe5 15.
Bxe5 fxe5 16. fxg6 e4 17. Qh5 hxg6 18. Qxg6 Qd6 19. Qf7+ Kh8 20. Bc2 Rf8 21.
Qh5+ Qh6 22. Qxh6+ Bxh6 23. Rxf8+ Rxf8 24. Re1 d4 25. Nxe4 Bxe3+ 26. Kh2 c5 27.
Re2 e5 28. Nd6 Bc6 29. Nf5 Bg5 30. h4 Bd8 31. Kh3 Bc7 32. g4 Bf3 33. Re1 e4 34.
Ng3 d3 35. Bd1 Bxd1 36. Nxe4 Be2 37. h5 Rf3+ 38. Kh4 Rf4 0-1

[Event "Det åpne NM 2011 Gruppe A"]
[Site "Quality Hotel & Resort Fagerne"]
[Date "2011.04.17"]
[Round "7"]
[White "Haugsrud, Håkon"]
[Black "Myhrvold, Rune"]
[Result "0-1"]
[WhiteElo "2050"]
[BlackElo "2164"]
[PlyCount "72"]
[EventDate "2011.??.??"]

1. d4 d6 2. Nf3 Nc6 3. e4 Bg4 4. d5 Ne5 5. Bb5+ Nd7 6. h3 Bxf3 7. Qxf3 Ngf6 8.
Bg5 a6 9. Bxd7+ Nxd7 10. O-O h6 11. Bd2 Nf6 12. c4 g6 13. Bc3 Bg7 14. Nd2 O-O
15. Qd3 c6 16. f4 cxd5 17. cxd5 Rc8 18. Nb3 Qb6+ 19. Bd4 Qb5 20. Qf3 Rc4 21.
Rac1 Rfc8 22. Rxc4 Rxc4 23. f5 g5 24. Bc3 Rxe4 25. Nd4 Qxd5 26. Rd1 Rf4 27. Qe2
Ne4 28. Ne6 Nxc3 29. bxc3 Re4 30. Qc2 Qe5 31. Nxg7 Kxg7 32. Qb3 b5 33. Rf1 Kf6
34. Qd1 Re2 35. a3 Qe4 36. Rf2 Re1+ 0-1

[Event "Det åpne NM 2011 Gruppe A"]
[Site "Quality Hotel & Resort Fagerne"]
[Date "2011.04.17"]
[Round "7"]
[White "Mihajlov, Sebastian"]
[Black "Gvein, Kenneth"]
[Result "1/2-1/2"]
[WhiteElo "1871"]
[BlackElo "2169"]
[PlyCount "43"]
[EventDate "2011.??.??"]

1. d4 Nf6 2. c4 g6 3. Nc3 Bg7 4. e4 d6 5. f4 O-O 6. Nf3 c6 7. Be2 a6 8. O-O b5
9. e5 Ne8 10. Be3 d5 11. cxd5 cxd5 12. Nd2 e6 13. b4 Nc6 14. a3 Rb8 15. Nb3 Nc7
16. Nc5 Na8 17. Qc2 Nb6 18. Rad1 f5 19. Kh1 Qe7 20. Na2 Bb7 21. Nc1 Rfc8 22.
N1b3 1/2-1/2

[Event "Det åpne NM 2011 Gruppe A"]
[Site "Quality Hotel & Resort Fagerne"]
[Date "2011.04.17"]
[Round "7"]
[White "Webb, Matthew D"]
[Black "Aulin-Jansson, Jøran"]
[Result "0-1"]
[WhiteElo "2062"]
[BlackElo "2232"]
[PlyCount "52"]
[EventDate "2011.??.??"]

1. e4 c5 2. Nc3 a6 3. f4 b5 4. Nf3 Bb7 5. d3 e6 6. Qe2 Nf6 7. e5 Nd5 8. Ne4 Be7
9. Qf2 Qc7 10. Be2 O-O 11. O-O f5 12. Neg5 h6 13. Nh3 d6 14. Qg3 Nd7 15. Qg6
dxe5 16. fxe5 Nxe5 17. Qxe6+ Nf7 18. Qxf5 Ng5 19. Qg4 Bc8 20. Qh5 Nxh3+ 21.
gxh3 Rf5 22. Qg6 Rf6 23. Qh5 Bb7 24. Bd2 Raf8 25. Ne5 Bd6 26. Ng4 Bxh2+ 0-1

[Event "Det åpne NM 2011 Gruppe A"]
[Site "Quality Hotel & Resort Fagerne"]
[Date "2011.04.17"]
[Round "7"]
[White "Ulvnes, Roar"]
[Black "Svensen, Tarjei Joten"]
[Result "0-1"]
[WhiteElo "2004"]
[BlackElo "2108"]
[PlyCount "86"]
[EventDate "2011.??.??"]

1. e4 e6 2. d4 d5 3. Nc3 Nf6 4. Bg5 Be7 5. e5 Nfd7 6. h4 Bxg5 7. hxg5 Qxg5 8.
Qd3 g6 9. Nf3 Qe7 10. O-O-O Nc6 11. Qe3 Nb6 12. Ng5 h5 13. Qf4 Bd7 14. Rh3
O-O-O 15. Be2 Rdf8 16. g4 f6 17. exf6 Rxf6 18. Qe3 Rhf8 19. gxh5 Rf4 20. Qg3
gxh5 21. Rxh5 Nxd4 22. Rh7 Qc5 23. Nh3 R4f6 24. Bd3 Nf5 25. Bxf5 Rxf5 26. Rd3
e5 27. Qh4 R5f6 28. Rxd7 Nxd7 29. Rxd5 Qc6 30. Qg4 Qe6 31. Qg2 Rg6 32. Qf1 Rh8
33. Rd3 Rgh6 34. Ng1 Qc4 35. b3 Qc6 36. Nd5 Kb8 37. Kb2 e4 38. Rd4 Qg6 39. Qc4
c6 40. Ne7 Nb6 41. Qc5 Qxg1 42. Qe5+ Ka8 43. Rd6 Qh2 0-1

[Event "Det åpne NM 2011 Gruppe A"]
[Site "Quality Hotel & Resort Fagerne"]
[Date "2011.04.17"]
[Round "7"]
[White "Arndt, Uwe"]
[Black "Johansen, Stian"]
[Result "1-0"]
[WhiteElo "2021"]
[BlackElo "1938"]
[PlyCount "39"]
[EventDate "2011.??.??"]

1. d4 Nf6 2. c4 g6 3. f3 c5 4. d5 b5 5. e4 d6 6. cxb5 a6 7. Nc3 Bg7 8. Bc4 O-O
9. Nge2 Nbd7 10. b3 Ne5 11. Bb2 Nxc4 12. bxc4 Nd7 13. f4 Nb6 14. Qd3 f5 15. Rb1
axb5 16. cxb5 fxe4 17. Nxe4 Rxf4 18. Nxf4 Rxa2 19. Bxg7 Kxg7 20. O-O 1-0

[Event "Det åpne NM 2011 Gruppe A"]
[Site "Quality Hotel & Resort Fagerne"]
[Date "2011.04.17"]
[Round "7"]
[White "Hauge, Lars Oskar"]
[Black "Bjerke, Richart"]
[Result "1-0"]
[WhiteElo "1990"]
[BlackElo "2189"]
[PlyCount "137"]
[EventDate "2011.??.??"]

1. e4 e5 2. Nf3 Nc6 3. Bb5 Nge7 4. O-O g6 5. c3 a6 6. Ba4 Bg7 7. d4 b5 8. Bb3
exd4 9. cxd4 O-O 10. h3 d6 11. Nc3 Bb7 12. Bg5 Qd7 13. Bc2 h6 14. Bf4 Na5 15.
Qd3 Nc4 16. b3 Na3 17. Rad1 Qc6 18. b4 a5 19. Bb3 axb4 20. Nd5 Nxd5 21. Bxd5
Qa6 22. Qd2 Nc4 23. Qxb4 Bxd5 24. exd5 Nb6 25. Qb3 Qxa2 26. Qxb5 Nxd5 27. Bd2
Rfb8 28. Qc6 Ra6 29. Qd7 Qa4 30. Qg4 Qc2 31. h4 Nf6 32. Qh3 Ne4 33. Be3 Nc3 34.
Rd2 Qe4 35. Re1 Qd5 36. Rc2 Ra3 37. Rec1 Nb5 38. Rb1 Rd8 39. Qg4 Ra4 40. Rd2
Nc3 41. Rc1 Ne4 42. Rdc2 c5 43. dxc5 dxc5 44. Qf4 c4 45. Qc7 c3 46. h5 Rc4 47.
Qb6 Rc6 48. Qb4 gxh5 49. Re2 Rg6 50. Kf1 Rg4 51. Qb6 Kh7 52. Qb1 f5 53. Qc2 Kh8
54. Rb1 f4 55. Bb6 Re8 56. Rd1 Nd2+ 57. Rdxd2 Rxe2 58. Rxe2 Qb5 59. Bd4 Bxd4
60. Nxd4 Qc4 61. Qe4 f3 62. Qe5+ Kg8 63. Qe8+ Kh7 64. gxf3 Rxd4 65. Ke1 Kg7 66.
Re7+ Kf6 67. Qf8+ Kg5 68. Qg7+ Kf5 69. Re5+ 1-0

[Event "Det åpne NM 2011 Gruppe A"]
[Site "Quality Hotel & Resort Fagerne"]
[Date "2011.04.17"]
[Round "7"]
[White "Gholami, Armin"]
[Black "Taksrud, Vidar"]
[Result "1-0"]
[WhiteElo "1797"]
[BlackElo "2088"]
[PlyCount "103"]
[EventDate "2011.??.??"]

1. e4 Nf6 2. e5 Nd5 3. d4 d6 4. c4 Nb6 5. exd6 cxd6 6. Nc3 g6 7. Nf3 Bg7 8. Be3
O-O 9. Be2 Nc6 10. O-O Bg4 11. Qd3 Rc8 12. b3 a5 13. d5 Bxf3 14. gxf3 Nb4 15.
Qd2 Bxc3 16. Qxc3 N6xd5 17. Qd2 Nxe3 18. fxe3 b6 19. f4 f5 20. Bf3 Qc7 21. Rad1
Rf6 22. a3 Na6 23. Qd5+ Kg7 24. e4 fxe4 25. Bxe4 Qc5+ 26. Kg2 Rcf8 27. Qb7 Rxf4
28. Rxf4 Qg5+ 29. Kh1 Qxf4 30. Bg2 Nc5 31. Qxe7+ Rf7 32. Qxd6 Nxb3 33. Qxb6
Qxc4 34. Rb1 a4 35. Qd6 Qc7 36. Qb4 Rf4 37. Qb5 Rc4 38. Rf1 Nd2 39. Qb2+ Rc3
40. Qxd2 Qc5 41. Qd7+ Kh6 42. Qxa4 Rxa3 43. Qh4+ Kg7 44. Qf6+ Kh6 45. Qf4+ Kg7
46. Rc1 Rc3 47. Rb1 Re3 48. Be4 Rxe4 49. Qxe4 Kf6 50. Rf1+ Kg7 51. Re1 Kf6 52.
Qe6+ 1-0

[Event "Det åpne NM 2011 Gruppe A"]
[Site "Quality Hotel & Resort Fagerne"]
[Date "2011.04.17"]
[Round "7"]
[White "Kyrkjebø, Erlend"]
[Black "Arvola, Benjamin"]
[Result "0-1"]
[WhiteElo "1963"]
[BlackElo "2217"]
[PlyCount "50"]
[EventDate "2011.??.??"]

1. e4 e5 2. Nf3 Nc6 3. Nc3 Nf6 4. a3 Be7 5. d4 exd4 6. Nxd4 O-O 7. Be2 d5 8.
Nxc6 bxc6 9. e5 Nd7 10. f4 Nb6 11. O-O f6 12. exf6 Bxf6 13. Bd3 c5 14. Bd2 Bb7
15. Rf3 c4 16. Bxh7+ Kxh7 17. Rh3+ Kg8 18. Qh5 Bd4+ 19. Kh1 Qf6 20. Nb5 Bxb2
21. Re1 Qf5 22. Qh8+ Kf7 23. Qh4 Bf6 24. Qf2 d4 25. Bb4 Qxh3 0-1

[Event "Det åpne NM 2011 Gruppe A"]
[Site "Quality Hotel & Resort Fagerne"]
[Date "2011.04.17"]
[Round "7"]
[White "Grønnestad, Anita"]
[Black "Salomon, Johan"]
[Result "1/2-1/2"]
[WhiteElo "2031"]
[BlackElo "1889"]
[PlyCount "97"]
[EventDate "2011.??.??"]

1. e4 c5 2. Nc3 g6 3. f4 Bg7 4. Nf3 Nc6 5. Bb5 Nd4 6. Bc4 e6 7. O-O Ne7 8. e5
d5 9. exd6 Qxd6 10. Ne4 Qc6 11. d3 b5 12. Ne5 Bxe5 13. fxe5 bxc4 14. Nd6+ Kd7
15. dxc4 Nef5 16. Nxf7 Bb7 17. Rf2 Rhf8 18. c3 Rxf7 19. cxd4 cxd4 20. Bg5 Ke8
21. Qb3 a6 22. Raf1 Rc8 23. Qb4 Rcc7 24. b3 Ne3 25. Bxe3 Rxf2 26. Rxf2 Rf7 27.
Bg5 Qe4 28. Bf6 Rd7 29. Qb6 Qc6 30. Qxc6 Bxc6 31. Rd2 Be4 32. Kf2 h6 33. Kg3
Kf7 34. Kf4 Bf5 35. g4 Bb1 36. h4 d3 37. Ke3 a5 38. Rf2 Ke8 39. Rd2 a4 40. bxa4
Ra7 41. Rb2 Bc2 42. Rb4 Rd7 43. Kd2 Rd4 44. Rb8+ Kf7 45. Rb7+ Kf8 46. Rb8+ Kf7
47. Rb7+ Kf8 48. Rb8+ Kf7 49. Rb7+ 1/2-1/2

[Event "Det åpne NM 2011 Gruppe A"]
[Site "Quality Hotel & Resort Fagerne"]
[Date "2011.04.17"]
[Round "7"]
[White "Kjøita, Torgeir"]
[Black "Lindblom, Roar"]
[Result "1-0"]
[WhiteElo "1796"]
[BlackElo "1974"]
[PlyCount "82"]
[EventDate "2011.??.??"]

1. e4 e5 2. Nf3 Nc6 3. d4 exd4 4. Nxd4 Nf6 5. Nxc6 bxc6 6. Nc3 Bb4 7. Bg5 h6 8.
Bh4 g5 9. Bg3 Nxe4 10. Qd4 Bxc3+ 11. bxc3 O-O 12. Bd3 d5 13. Kf1 Bf5 14. h4
Nxg3+ 15. fxg3 Bxd3+ 16. cxd3 f6 17. Re1 Qd6 18. Kf2 Rae8 19. Rxe8 Rxe8 20.
Qxa7 Qe5 21. Qd4 Qf5+ 22. Kg1 Kg7 23. a4 Qe6 24. Kh2 Qd6 25. Rf1 c5 26. Qg4 h5
27. Qf5 gxh4 28. Rf3 Re5 29. Qf4 d4 30. c4 Qa6 31. Qxh4 Rg5 32. Qf4 Re5 33. a5
Qc6 34. Rf2 Re3 35. Qf5 Re5 36. Qc8 Re8 37. Qh3 Re5 38. Rf5 Qa6 39. Rxe5 fxe5
40. Qd7+ Kf6 41. Qxc7 e4 1-0

[Event "Det åpne NM 2011 Gruppe A"]
[Site "Quality Hotel & Resort Fagerne"]
[Date "2011.04.17"]
[Round "7"]
[White "Hoem, Tor Wetle"]
[Black "Mikalsen, Odd Erling"]
[Result "1/2-1/2"]
[WhiteElo "1967"]
[BlackElo "1989"]
[PlyCount "104"]
[EventDate "2011.??.??"]

1. d4 Nf6 2. c4 e5 3. dxe5 Ne4 4. Nf3 Nc6 5. a3 d6 6. exd6 Bxd6 7. g3 O-O 8.
Bg2 Be6 9. Nbd2 Nxd2 10. Nxd2 Be5 11. O-O Qe7 12. e3 Rad8 13. Qa4 Bd7 14. Qc2
Qf6 15. f4 Bd6 16. c5 Be7 17. Rb1 Bf5 18. Be4 Bxe4 19. Nxe4 Qf5 20. Rf2 Rd5 21.
b4 Rfd8 22. Bb2 Qg4 23. Nc3 Rd3 24. Qe2 Qe6 25. e4 Qc4 26. Nd5 Bf8 27. Rf3 Rd4
28. Qxc4 Rxc4 29. Re3 a5 30. Ba1 axb4 31. axb4 Nxb4 32. Kg2 Bxc5 33. Re2 c6 34.
Nc3 b5 35. e5 h5 36. Ne4 Nd5 37. Ng5 Ne3+ 38. Kh3 Rd3 39. Ra2 Ra3 40. Rxa3 Bxa3
41. e6 f6 42. Nf3 Re4 43. Nd4 b4 44. Nxc6 Rxe6 45. Nd4 Rb6 46. Rb3 Nc4 47. Nc2
Nd2 48. Rd3 Bc1 49. Nxb4 Rxb4 50. Bc3 Rb3 51. Rd8+ Kf7 52. Bxd2 Bxd2 1/2-1/2

[Event "Det åpne NM 2011 Gruppe A"]
[Site "Quality Hotel & Resort Fagerne"]
[Date "2011.04.17"]
[Round "7"]
[White "Mikalsen, Erlend"]
[Black "Barane, Simon"]
[Result "1-0"]
[WhiteElo "1981"]
[BlackElo "1823"]
[PlyCount "69"]
[EventDate "2011.??.??"]

1. e4 c5 2. Nf3 d6 3. d4 cxd4 4. Nxd4 Nf6 5. Nc3 g6 6. Be3 Bg7 7. f3 O-O 8. Qd2
Nc6 9. Bc4 Bd7 10. O-O-O Ne5 11. Bb3 Rc8 12. h4 h5 13. g4 Nc4 14. Bxc4 Rxc4 15.
gxh5 Nxh5 16. Rhg1 Kh7 17. f4 Bh6 18. f5 Bxe3 19. Qxe3 Rg8 20. Rg5 Nf6 21.
fxg6+ fxg6 22. e5 Ng4 23. Qe2 Nxe5 24. Rxe5 dxe5 25. Qxc4 Bg4 26. Ne6 Bxe6 27.
Qxe6 Qa5 28. Qxe7+ Rg7 29. Qg5 a6 30. h5 Qc7 31. Nd5 Qf7 32. Nf6+ Kh8 33. Qh6+
Rh7 34. Rd8+ Qg8 35. Rxg8# 1-0

[Event "Det åpne NM 2011 Gruppe A"]
[Site "Quality Hotel & Resort Fagerne"]
[Date "2011.04.17"]
[Round "7"]
[White "Bue, Gunnar"]
[Black "Henrichsen, Erland"]
[Result "0-1"]
[WhiteElo "1821"]
[BlackElo "2038"]
[PlyCount "92"]
[EventDate "2011.??.??"]

1. d4 Nf6 2. c4 e6 3. Nf3 b6 4. e3 Bb7 5. Bd3 Bb4+ 6. Nbd2 O-O 7. O-O d5 8. a3
Bxd2 9. Qxd2 a5 10. b3 Ne4 11. Qc2 Nd7 12. Bb2 f5 13. Rac1 Rc8 14. cxd5 Bxd5
15. Bc4 c6 16. Qe2 g5 17. Bxd5 cxd5 18. Rxc8 Qxc8 19. Rc1 Qb7 20. Ne5 Nxe5 21.
dxe5 Rc8 22. Rxc8+ Qxc8 23. f3 Nc5 24. Qc2 Qa6 25. Bd4 Qb5 26. Bxc5 bxc5 27.
Kf2 c4 28. bxc4 dxc4 29. f4 gxf4 30. exf4 Qb3 31. Qd2 Qxa3 32. Qd8+ Qf8 33.
Qxa5 Qc8 34. Qc3 Qc6 35. Qb4 c3 36. Qd6 Qc8 37. Qd1 Kf7 38. Qc2 Qc5+ 39. Ke2
Qc4+ 40. Qd3 Qe4+ 41. Qe3 Qxg2+ 42. Kd3 c2 43. Qa7+ Kg6 44. Qe7 c1=Q 45. Qxe6+
Kh5 46. Qxf5+ Kh4 0-1